| 000 | 00858nam a22002897a 4500 | ||
|---|---|---|---|
| 003 | CHAP | ||
| 005 | 20220329140822.0 | ||
| 008 | 971013s1974 r 00010 d | ||
| 010 | _a58111 | ||
| 011 | _a59083 | ||
| 035 | _a63240 | ||
| 040 | _cCHAP | ||
| 082 |
_a632.8 _bS55 1974 |
||
| 100 | 0 | 0 |
_aSmith, Kenneth Manley. _9107062 |
| 245 | _aPlant viruses | ||
| 250 | _a5 ed. | ||
| 260 |
_aLondon : _bChapman, _c1974 |
||
| 300 |
_a211 p. _b: ilus. ; láms. |
||
| 590 |
_aBATCH-UPD _b10 _c20130110 _lUCH01 _h0704 |
||
| 590 |
_aCONVERSION _b10 _c20130109 _lUCH01 _h1331 |
||
| 650 | 1 | 4 |
_aPlantas _xEnfermedades por virus. _988834 |
| 650 | 1 | 4 |
_aVirus. _9119936 |
| 901 | _aBK | ||
| 942 | _cLIBRO | ||
| 949 |
_a632.8 S55 1974 _bBC _cLIBRO _d33724000181228 _eLIBRO _fc.2 _h45311 _i63240 _si |
||
| 949 |
_a632.8 S55 1974 _bBC _cLIBRO _d33724000181335 _eLIBRO _h31033 _i63240 _si |
||
| 999 |
_c58111 _d58111 |
||